Największe miasta w Czarnogórze - Statystyki

Ogólne statystyki
  • Ten quiz został rozwiązany 37 razy
  • Średni wynik to 6 z 15
Statystyki odpowiedzi
LP Liczba ludności Miasta % Poprawnych
1. 151.000 Podgorica
100%
6. 13.300 Budva
76%
14. 5.300 Kotor
73%
5. 13.500 Bar
70%
2. 57.000 Niksic
48%
9. 11.100 Herceg Novi
45%
4. 13.900 Cetynia
33%
11. 9.500 Tivat
30%
10. 10.700 Ulcinj
27%
8. 11.100 Berane
18%
7. 12.900 Bijelo Polje
18%
3. 19.100 Pljevlja
18%
12. 9.100 Rozaje
12%
13. 8.200 Dobrota
9%
15. 5.200 Dalinovgrad
3%
Nie znaleziono quizów pasujących do podanych kryteriów
Rozkład punktacji
Procent ludzi z każdym wynikiem
Percentyl według liczby udzielonych odpowiedzi
Twoja historia wyników
Nie rozwiązałeś tego quizu